Tội lỗi dưới ánh mặt trời: Tiểu thuyết trinh thám

Uloženo v:
Podrobná bibliografie
Hlavní autor: Christie, Agatha
Médium: Kniha
Jazyk:Undetermined
Vydáno: Hà Nội Công an Nhân dân 2006
Témata:
Tagy: Přidat tag
Žádné tagy, Buďte první, kdo otaguje tento záznam!
Thư viện lưu trữ: Trung tâm Học liệu Trường Đại học Cần Thơ
LEADER 00724nam a2200217Ia 4500
001 CTU_123420
008 210402s9999 xx 000 0 und d
020 |c 46000 
082 |a 823.0872 
082 |b C555 
100 |a Christie, Agatha 
245 0 |a Tội lỗi dưới ánh mặt trời: 
245 0 |b Tiểu thuyết trinh thám 
245 0 |c Agatha Christie; Phạm Tùng Vĩnh dịch 
260 |a Hà Nội 
260 |b Công an Nhân dân 
260 |c 2006 
650 |a english fiction ( vietnamese ),english literature 
650 |y 20th century 
904 |i Nguyên (Năm sửa số PL 823.912 thành 823.30872) 
980 |a Trung tâm Học liệu Trường Đại học Cần Thơ